| Tag |
First Indicator |
Second Indicator |
Subfields |
| LEADER |
00000cam a2200000 4500 |
| 001 |
in00000230021 |
| 005 |
20151009082132.0 |
| 008 |
720125s1966 mau b 00000 eng d |
| 010 |
|
|
|a 66003779
|
| 035 |
|
|
|a (OCoLC)00228227
|
| 035 |
|
|
|9 AAZ7686AM
|
| 040 |
|
|
|c WSU
|d TXA
|d UtOrBLW
|
| 049 |
|
|
|a TXAM
|c [905984]
|
| 090 |
|
|
|a HC335
|b .C28 1966
|
| 100 |
1 |
|
|a Campbell, Robert Wellington.
|
| 245 |
1 |
0 |
|a Soviet economic power :
|b its organization, growth, and challenge /
|c Robert W. Campbell.
|
| 250 |
|
|
|a 2d ed.
|
| 264 |
|
1 |
|a Boston :
|b Houghton Mifflin,
|c [1966]
|
| 264 |
|
4 |
|c ©1966
|
| 300 |
|
|
|a 184 pages ;
|c 21 cm.
|
| 336 |
|
|
|a text
|b txt
|2 rdacontent
|
| 337 |
|
|
|a unmediated
|b n
|2 rdamedia
|
| 338 |
|
|
|a volume
|b nc
|2 rdacarrier
|
| 504 |
|
|
|a Includes bibliographical references and index.
|
| 536 |
|
|
|a Dr. Charles E. Ferguson and Dr. Melvin L. Greenhut, Economics Collection.
|
| 651 |
|
0 |
|a Soviet Union
|x Economic conditions.
|
| 999 |
|
|
|a MARS
|
| 999 |
f |
f |
|s 181c1e7b-93c3-3c68-ac8f-c813b29a4d87
|i 4d07f979-abdd-3c34-88a3-c2ce35347484
|t 0
|
| 952 |
f |
f |
|p ric
|a Texas A&M University
|b Rellis Campus
|c Joint Library Facility
|d Remote Storage
|t 0
|e HC335 .C28 1966
|h Library of Congress classification
|i unmediated -- volume
|m A14802597246
|
| 998 |
f |
f |
|a HC335 .C28 1966
|t 0
|l Remote Storage
|